header

The conflict resolution toolbox (Record no. 50670)

MARC details
000 -LEADER
fixed length control field 01249nam a2200325 a 4500
082 04 - DEWEY DECIMAL CLASSIFICATION NUMBER
Classification number 303.6/9
100 1# - MAIN ENTRY--AUTHOR NAME
Personal name Furlong, Gary T.
245 14 - TITLE STATEMENT
Title The conflict resolution toolbox
260 ## - PUBLICATION, DISTRIBUTION, ETC. (IMPRINT)
Place of publication Mississauga, Ont. :
Name of publisher J. Wiley & Sons Canada,
Year of publication c2005.
300 ## - PHYSICAL DESCRIPTION
Number of Pages xiii, 256 p. :
Other physical details ill.
650 #0 - SUBJECT ADDED ENTRY--TOPICAL TERM
Topical Term Conflict management.
Topical Term Mediation.
856 40 - ELECTRONIC LOCATION AND ACCESS
Uniform Resource Identifier http://site.ebrary.com/lib/rucke/Doc?id=10330169

No items available.

© 2026 Rongo University
Contact us: librarian | system librarian | Rongo university